000 00719nam a2200229 a 4500
999 _c3616
_d3616
001 3616
003 BD-JhCC
005 20171115171339.0
008 171115s2008 bg |||| ||a| 000 0 ben d
020 _a9847016900181
035 _a(BD-JhCC)3616
040 _aBD-JhCC
_dBD-JhCC
041 _aben
082 _a891.4435
_bWAD 2008
100 _aওয়াদুদ, নাজিব
245 _aনষ্ট কাল অথবা হৃদয়ের অসুখ /
_cনাজিব ওয়াদুদ
260 _aঢাকা :
_bঅ্যাডর্ন পাবলিকেশন,
_c2008.
300 _a95 p. :
_c21 cm.
650 _aCollection of Short Stories
942 _2ddc
_cBK